Kleinste Länder Afrikas - Statistiken

Allgemein
  • Dieses Quiz wurde 415 mal gespielt
  • Das Durchschnittsergebnis liegt bei 8 aus 10
Antwortstatistiken
Rang Fläche in km² Land % Korrekt
5 4.033 Kap Verde
88%
2 964 Sao Tome und Principe
88%
1 455 Seychellen
88%
7 17.364 Swasiland/Eswatini
87%
4 2.235 Komoren
84%
3 2.040 Mauritius
84%
9 26.338 Ruanda
82%
10 27.830 Burundi
81%
8 23.200 Dschibuti
78%
6 11.295 Gambia
77%
Keine übereinstimmenden Quizze gefunden
Verteilung der Resultate
Anzahl Personen mit jedem Resultat
Perzentil nach korrekt beantworteten Fragen
Ihre Resultats-Entwicklung
Sie haben dieses Quiz noch nicht gespielt